| 000 | 005870000a22001930004500 | ||
|---|---|---|---|
| 001 | 1513 | ||
| 003 | CO-MdFUSB | ||
| 005 | 20170627191131.0 | ||
| 008 | 170627b xxu||||| |||| 00| 0 eng d | ||
| 020 | _a958-30-0545-2 | ||
| 040 | _cCO-MdBIC | ||
| 082 | 0 | 4 | _a863C L569h |
| 100 | 1 | _aGrimm, Jacob Ludwing Karl | |
| 245 | 1 | 0 | _aHansel y Gretel / Hermanos Grimm ; traducción Roberto Pinzón, David Chericián ; ilustraciones Juan Sierra Carrasquilla |
| 250 | _aEdición Gabriel Silva Rincón | ||
| 260 | _aSantafe de Bogotá : Panamericana Editorial | ||
| 300 | _a80 P. | ||
| 942 | _cLGB | ||
| 999 |
_c48673 _d48673 |
||